• 首页
  • 本馆介绍
  • 公告通知
  • 最新文献
  • 馆藏检索
  • 电子资源
  • 读者导购
  • 参考咨询
  • 我的图书馆
  • 登录
  • 详细信息显示
  • 放入我的书架
  • 预约/预借图书
  • 作者相关作品
  • 分类相关作品
  • 丛书相关作品
  • 出版社相关作品

书目信息

  • 表格格式
  • 工作单格式
  • 卡片格式
题名:
股份公司生产管理
    
 
作者: 黄河编著
分册:  
出版信息: 杭州   浙江人民出版社  1999.03
页数: 26页
开本: 大32开
丛书名:
单 册:
中图分类: F121.29
科图分类:
主题词: 经济--中国
电子资源:
ISBN: 7-213-01749-7
000 00536nam0 2200181 45
001 9911301546
005 19991130154305.9
010    @a7-213-01749-7@d13.50
100    @a19991130d1999 km y0chiy0120 ea
101    @achi
105    @a z 000yy
200 1  @a股份公司生产管理@AGu Fen Gong Si Sheng Chan Guan Li@f黄河编著@FHuang He Bian Zhu
210    @a杭州@c浙江人民出版社@d1999.03
215    @a26页@c无图表@d大32开
606 0  @a经济@x中国
690    @aF121.29@v3
801    @aCN@bPerfectUser@c19991130
905    @aBZT@b65318@f1@dF121.29@e4
    
    股份公司生产管理/黄河编著.-杭州:浙江人民出版社,1999.03
    26页:无图表;大32开
    
    
    ISBN 7-213-01749-7:13.50
    
●
相关链接 在五车中查询图书 在当当中查询图书 在豆瓣中查询图书


正题名:股份公司生产管理     索取号:F121.29/4         预约/预借

序号 登录号 条形码 馆藏地/架位号 状态 备注
1 65318   200382362   中心书库北库/ 北库007架A面3列6层14/ [索取号:F121.29/4] 在馆    
山东省滨州职业学院图书馆 欢迎您!
大连网信软件有限公司© 版权所有